30 Biggest cities in the Philadelphia area - Statistics

General Stats
  • This quiz has been taken 48 times
  • The average score is 6 of 30
Answer Stats
Hint Answer % Correct
1,559,940 Philadelphia
97%
76,010 Camden
81%
34,060 Chester
59%
19,810 King of Prussia
47%
19,430 West Chester
47%
13,540 Cherry Hl Mall
44%
52,410 Wilmington
38%
34,460 Levittown
28%
34,460 Norristown
22%
16,640 Phoenixville
19%
32,940 Newark
19%
13,130 Coatesville
16%
16,450 Lansdale
16%
15,420 Willow Grove
13%
28,220 Drexel Hill
9%
19,900 Bear
6%
13,930 Collingswood
6%
17,480 Lindenwold
6%
20,050 Middletown
6%
22,620 Pottstown
6%
19,200 Glassboro
6%
14,280 Horsham
6%
13,280 Montgomeryville
6%
13,850 Brookside
3%
14,260 Moorestown-Lenola
3%
15,690 Elkton
3%
15,230 Glasgow
3%
13,700 Hockessin
3%
13,960 Springdale
3%
15,170 Williamstown
3%
No matching quizzes found
Score Distribution
Percent of People with Each Score
Percentile by Number Answered
Your Score History
You have not taken this quiz